[Event "SD-2014-0-00205"]
[Site "LSS email"]
[Date "2014.11.08"]
[Round "?"]
[White "Van der Meer, Heine"]
[Black "Lipsits, Sasha"]
[Result "1/2-1/2"]
[WhiteElo "1563"]
[BlackElo "1468"]
[PlyCount "75"]
[EventDate "2014.09.25"]
[EventType "tourn (corr)"]
[EventRounds "6"]
[EventCountry "GER"]
[SourceTitle "Corr 2015"]
[Source "ChessBase"]
[SourceDate "2015.07.17"]
[SourceVersion "1"]
[SourceVersionDate "2015.07.17"]
[SourceQuality "1"]

1. e4 e5 2. Nf3 Nc6 3. Bb5 a6 4. Ba4 Nf6 5. Qe2 b5 6. Bb3 Bc5 7. d3 d6 8. c3 0-0 9. Nbd2 h6 10. Nf1 a5 11. Ng3 a4 12. Bc2 b4 13. 0-0 a3 14. cxb4 Nxb4 15. bxa3 Nxc2 16. Qxc2 Qe8 17. Bb2 Qa4 18. Rac1 Bb6 19. Nd2 Be6 20. Nc4 Rfb8 21. Qe2 Ba7 22. Rc2 Rb7 23. Nf5 Bxf5 24. exf5 Rab8 25. Rfc1 Nd5 26. Qf3 Nf6 27. Qe2 Rb5 28. h3 Nd5 29. Qf3 Bc5 30. Nxe5 Rxb2 31. Rxc5 Qf4 32. Qxd5 dxc5 33. Qxf7+ Kh7 34. Qg6+ Kh8 35. Qe8+ Kh7 36. Qg6+ Kh8 37. Qe8+ Kh7 38. Qg6+ 1/2-1/2

[Event "SD-2014-0-00199"]
[Site "LSS email"]
[Date "2014.08.20"]
[Round "?"]
[White "Cole, Steve"]
[Black "Van der Meer, Heine"]
[Result "1/2-1/2"]
[WhiteElo "1383"]
[BlackElo "1561"]
[PlyCount "81"]
[EventDate "2014.06.22"]
[EventType "tourn (corr)"]
[EventRounds "6"]
[EventCountry "GER"]
[SourceTitle "Corr 2022"]
[Source "ChessBase"]
[SourceDate "2021.10.24"]
[SourceVersion "1"]
[SourceVersionDate "2021.10.24"]
[SourceQuality "1"]

1. e4 e5 2. Nf3 Nc6 3. Bb5 a6 4. Ba4 Nf6 5. 0-0 b5 6. Bb3 Be7 7. Qe2 0-0 8. c3 d5 9. d3 Bb7 10. Nbd2 Re8 11. Re1 Bf8 12. Nf1 h6 13. Ng3 g6 14. h4 dxe4 15. dxe4 Na5 16. Bc2 c5 17. h5 g5 18. b3 Qc7 19. Nxg5 hxg5 20. Bxg5 Nh7 21. Bh4 Be7 22. Bxe7 Qxe7 23. Nf5 Qf6 24. Rad1 Rad8 25. Qe3 c4 26. b4 Nc6 27. Qb6 Bc8 28. Rxd8 Nxd8 29. Qxf6 Nxf6 30. Nd6 Bd7 31. Nxe8 Bxe8 32. a4 Nxh5 33. Rd1 Nb7 34. axb5 axb5 35. f3 f6 36. Ra1 Kf8 37. Ra7 Nd6 38. Kf2 Nf4 39. g3 Ne6 40. Ke3 Bc6 41. Bd1 1/2-1/2

[Event "SD-2014-0-00199"]
[Site "LSS email"]
[Date "2014.08.20"]
[Round "?"]
[White "Demidov, Lazar"]
[Black "Van der Meer, Heine"]
[Result "1/2-1/2"]
[WhiteElo "1737"]
[BlackElo "1561"]
[PlyCount "102"]
[EventDate "2014.06.22"]
[EventType "tourn (corr)"]
[EventRounds "6"]
[EventCountry "GER"]
[SourceTitle "Corr 2022"]
[Source "ChessBase"]
[SourceDate "2021.10.24"]
[SourceVersion "1"]
[SourceVersionDate "2021.10.24"]
[SourceQuality "1"]

1. e4 e5 2. Nf3 Nc6 3. d4 exd4 4. Nxd4 Nf6 5. Nc3 Bb4 6. Nxc6 bxc6 7. Bd3 d5 8. exd5 cxd5 9. Qe2+ Be7 10. 0-0 0-0 11. Bf4 Bg4 12. Qd2 c5 13. Rfe1 Be6 14. h3 d4 15. Nb5 Nd5 16. Be5 a6 17. Na3 Nb4 18. Be4 Ra7 19. c3 f5 20. Bb1 Nc6 21. Bf4 dxc3 22. Qxc3 Nd4 23. Bd3 Bd5 24. Nc2 Rd7 25. Nxd4 cxd4 26. Qc2 Bd6 27. Bxd6 Rxd6 28. Re5 g6 29. Qc5 Bf7 30. Rae1 Rd5 31. Rxd5 Qxd5 32. Qxd5 Bxd5 33. a3 Rb8 34. b4 Kf7 35. Bxa6 Ra8 36. Re5 Rxa6 37. Rxd5 Rxa3 38. Rxd4 Ke6 39. Rd8 Rb3 40. Rb8 Ke5 41. g3 f4 42. gxf4+ Kxf4 43. Kg2 Kg5 44. Rb7 h5 45. Rb6 Kh4 46. Rxg6 Rxb4 47. Rd6 Kg5 48. Kg3 Rb3+ 49. Kg2 Rb4 50. Kg3 Rb3+ 51. Kg2 Rb4 1/2-1/2

[Event "SD-2014-0-00199"]
[Site "LSS email"]
[Date "2014.08.20"]
[Round "?"]
[White "Van der Meer, Heine"]
[Black "Miquel, Indalecio"]
[Result "1/2-1/2"]
[WhiteElo "1561"]
[BlackElo "1395"]
[PlyCount "60"]
[EventDate "2014.06.22"]
[EventType "tourn (corr)"]
[EventRounds "6"]
[EventCountry "GER"]
[SourceTitle "Corr 2022"]
[Source "ChessBase"]
[SourceDate "2021.10.24"]
[SourceVersion "1"]
[SourceVersionDate "2021.10.24"]
[SourceQuality "1"]

1. e4 c5 2. Nf3 d6 3. d4 cxd4 4. Nxd4 Nf6 5. Nc3 a6 6. Bg5 e6 7. f4 Qb6 8. Qd2 Qxb2 9. Rb1 Qa3 10. f5 Nc6 11. fxe6 fxe6 12. Nxc6 bxc6 13. Bxf6 gxf6 14. Be2 Rg8 15. 0-0 Qc5+ 16. Kh1 Qg5 17. Qxg5 Rxg5 18. Na4 Be7 19. Nb6 Rb8 20. Nxc8 Rxc8 21. Bxa6 Ra8 22. Bc4 Kf7 23. Rb6 d5 24. exd5 cxd5 25. Bb3 Re5 26. Rb5 Re2 27. Rxd5 Rg8 28. Rh5 Rgxg2 29. Rxh7+ Kg6 30. Rh8 Kg7 1/2-1/2